书目信息 |
| 题名: |
管理信息系统
|
|
| 作者: | 黄梯云 主编 | |
| 分册: | ||
| 出版信息: | 北京 高等教育出版社 1999 |
|
| 页数: | 317页 | |
| 开本: | 23cm | |
| 丛书名: | ||
| 单 册: | ||
| 中图分类: | C931.6 | |
| 科图分类: | ||
| 主题词: | 管理--技术 , 管理--方法 | |
| 电子资源: | ||
| ISBN: | 7-04-008357-4 | |
| 000 | 00635nam0 2200229 450 | |
| 001 | 0663424531 | |
| 005 | 20060929174222.21 | |
| 010 | @a7-04-008357-4@dCNY29.90 | |
| 100 | @a20060929d1999 km y0chiy0120 ea | |
| 101 | 0 | @achi |
| 102 | @aCN@b110000 | |
| 200 | 1 | @a管理信息系统@Aguan li xin xi xi tong@f黄梯云主编@Fhuang ti yun zhu bian |
| 205 | @a修订版 | |
| 210 | @a北京@c高等教育出版社@d1999 | |
| 215 | @a317页@d23cm | |
| 300 | @a面向21世纪新课程教材 | |
| 606 | 0 | @a管理@x技术 |
| 606 | 0 | @a管理@x方法 |
| 690 | @aC931.6@v3 | |
| 701 | 0 | @a黄梯云@Ahuang ti yun@4主编 |
| 801 | 0 | @aCN@bNISOFT@c20060929 |
| 905 | @a10447@dC931.6@e212=2 | |
| 管理信息系统/黄梯云主编.-修订版.-北京:高等教育出版社,1999 |
| 317页;23cm |
| 面向21世纪新课程教材 |
| ISBN 7-04-008357-4:CNY29.90 |
| ● |
| 相关链接 |
|
|
|
|
正题名:管理信息系统
索取号:C931.6/212=2
 
预约/预借
| 序号 | 登录号 | 条形码 | 馆藏地/架位号 | 状态 | 备注 |
| 1 | 0494022 | 204940225 | 密集书库/ [索取号:C931.6/212=2] | 在馆 | |
| 2 | 0494023 | 204940234 | 密集书库/ [索取号:C931.6/212=2] | 在馆 | |
| 3 | 0494024 | 204940243 | 密集书库/ [索取号:C931.6/212=2] | 在馆 | |
| 4 | 0494025 | 204940252 | 密集书库/ [索取号:C931.6/212=2] | 在馆 | |
| 5 | 0494026 | 204940261 | 密集书库/ [索取号:C931.6/212=2] | 在馆 | |
| 6 | 0494027 | 204940270 | 密集书库/ [索取号:C931.6/212=2] | 在馆 | |
| 7 | 0494028 | 204940289 | 密集书库/ [索取号:C931.6/212=2] | 在馆 | |
| 8 | 0494029 | 204940298 | 密集书库/ [索取号:C931.6/212=2] | 在馆 | |
| 9 | 0494030 | 204940305 | 密集书库/ [索取号:C931.6/212=2] | 在馆 |